О применении метода анализа семантических сетей в определении степени тяжести заболевания; Молодежь и современные информационные технологии

Detaylı Bibliyografya
Parent link:Молодежь и современные информационные технологии.— 2021.— [С. 103-104]
Yazar: Аксёнов С. В. Сергей Владимирович
Müşterek Yazar: Национальный исследовательский Томский политехнический университет Инженерная школа информационных технологий и робототехники Отделение информационных технологий
Diğer Yazarlar: Кушеева М. Н.
Özet:Заглавие с титульного экрана
Dil:Rusça
Baskı/Yayın Bilgisi: 2021
Seri Bilgileri:Цифровизация, IT и цифровая экономика
Konular:
Online Erişim:http://earchive.tpu.ru/handle/11683/68023
Materyal Türü: MixedMaterials Elektronik Kitap Bölümü
KOHA link:https://koha.lib.tpu.ru/cgi-bin/koha/opac-detail.pl?biblionumber=633163

MARC

LEADER 00000naa2a2200000 4500
001 633163
005 20231218090502.0
035 |a (RuTPU)RU\TPU\conf\34911 
035 |a RU\TPU\conf\34908 
090 |a 633163 
100 |a 20210705d2021 k y0rusy50 ca 
101 0 |a rus 
102 |a RU 
105 |a y z 101zy 
135 |a drcn ---uucaa 
181 0 |a i  
182 0 |a b 
200 1 |a О применении метода анализа семантических сетей в определении степени тяжести заболевания  |f С. В. Аксёнов, М. Н. Кушеева 
203 |a Текст  |c электронный 
225 1 |a Цифровизация, IT и цифровая экономика 
300 |a Заглавие с титульного экрана 
320 |a [Библиогр.: с. 104 (6 назв.)] 
463 0 |0 (RuTPU)RU\TPU\conf\34857  |t Молодежь и современные информационные технологии  |o сборник трудов XVIII Международной научно-практической конференции студентов, аспирантов и молодых учёных, 22-26 марта 2021 г., г. Томск  |f Национальный исследовательский Томский политехнический университет, Инженерная школа информационных технологий и робототехники ; под ред. Н. Г. Маркова [и др.]  |v [С. 103-104]  |d 2021 
610 1 |a электронный ресурс 
610 1 |a труды учёных ТПУ 
610 1 |a анализ 
610 1 |a семантические сети 
610 1 |a визуализация 
610 1 |a медицинские данные 
610 1 |a текстовые данные 
610 1 |a компьютеризация 
700 1 |a Аксёнов  |b С. В.  |c специалист в области информатики и вычислительной техники  |c доцент Томского политехнического университета, кандидат технических наук  |f 1983-  |g Сергей Владимирович  |3 (RuTPU)RU\TPU\pers\25383  |9 11326 
701 1 |a Кушеева  |b М. Н. 
712 0 2 |a Национальный исследовательский Томский политехнический университет  |b Инженерная школа информационных технологий и робототехники  |b Отделение информационных технологий  |3 (RuTPU)RU\TPU\col\23515 
801 2 |a RU  |b 63413507  |c 20210809  |g RCR 
856 4 |u http://earchive.tpu.ru/handle/11683/68023 
942 |c BK